Probabilty, ប្រូបាប៊ីលីតេ (Record no. 9914)
[ view plain ]
| 000 -LEADER | |
|---|---|
| fixed length control field | 00270nam a22001097a 4500 |
| 040 ## - CATALOGING SOURCE | |
| Transcribing agency | SY |
| 082 ## - DEWEY DECIMAL CLASSIFICATION NUMBER | |
| Classification number | 519 |
| 100 ## - MAIN ENTRY--AUTHOR NAME | |
| Personal name | អ៊ុន ប៊ុនលាង |
| 245 ## - TITLE STATEMENT | |
| Title | Probabilty, ប្រូបាប៊ីលីតេ |
| 260 ## - PUBLICATION, DISTRIBUTION, ETC. (IMPRINT) | |
| Place of publication | RUA |
| Name of publisher | អ៊ុន |
| Year of publication | 2001 |
| 942 ## - ADDED ENTRY ELEMENTS (KOHA) | |
| Koha item type | សៀវភៅភាសាខ្មែរ |
| 952 ## - LOCATION AND ITEM INFORMATION (KOHA) | |
| Withdrawn status [LOCAL, KOHA] | 0 |
| Koha item type | Barcode | Lost status | Permanent Location | Current Location | Date acquired | Full call number |
|---|---|---|---|---|---|---|
| សៀវភៅភាសាខ្មែរ | A02058 | Library Block C | Library Block C | 2016-09-15 | 519 អ៊ុន 2001 |